Countries Bordering Unknown Country #33 - Statistics

General Stats
  • This quiz has been taken 427 times
  • The average score is 5 of 5
Answer Stats
Bordering Country Answer % Correct
Z Zambia
100%
Z Zimbabwe
99%
N Namibia
98%
S South Africa
98%
Botswana
95%
No matching quizzes found
Score Distribution
Percent of People with Each Score
Percentile by Number Answered
Your Score History
You have not taken this quiz